[Event "10th Asrian Memorial 2017"]
[Site "Yerevan ARM"]
[Date "2017.06.21"]
[Round "1.1"]
[White "Kovalenko, Igor"]
[Black "Hakobyan, Hovhannes H."]
[Result "1-0"]
[WhiteTitle "GM"]
[WhiteElo "2656"]
[BlackElo "2196"]
[WhiteFideId "14117908"]
[BlackFideId "13306308"]
[EventDate "2017.06.21"]

1. e4 e6 2. d4 d5 3. Nc3 Nf6 4. e5 Nfd7 5. f4 c5 6. Nf3 Nc6 7. Be3 a6 8. Qd2 Be7
9. a3 O-O 10. Bd3 b5 11. dxc5 Nxc5 12. Nd4 Bb7 13. O-O Rc8 14. Nce2 Nxd4 15.
Bxd4 Ne4 16. Qe3 Qc7 17. c3 Bc5 18. Rf3 Qe7 19. Raf1 f6 20. exf6 gxf6 21. Bxc5
Rxc5 22. Nd4 f5 23. Bxe4 dxe4 24. Rg3+ Kf7 25. Rh3 Rh8 26. Rh6 Bd5 27. Nxf5 exf5
28. Qd4 Kg8 29. b4 Rc8 30. Qxd5+ Qf7 31. Qd4 Qc4 32. Qe5 1-0

[Event "10th Asrian Memorial 2017"]
[Site "Yerevan ARM"]
[Date "2017.06.21"]
[Round "1.2"]
[White "Matevosyan, Sedrak"]
[Black "Melkumyan, Hrant"]
[Result "0-1"]
[BlackTitle "GM"]
[WhiteElo "2184"]
[BlackElo "2624"]
[WhiteFideId "13302035"]
[BlackFideId "13302485"]
[EventDate "2017.06.21"]

1. Nf3 Nf6 2. c4 g6 3. d4 Bg7 4. Nc3 O-O 5. e4 d6 6. Be2 c5 7. d5 e6 8. Bf4 exd5
9. exd5 Re8 10. O-O Ne4 11. Nxe4 Rxe4 12. Bg5 Qf8 13. Bd3 Re8 14. Qb3 Nd7 15.
Rae1 f6 16. Rxe8 Qxe8 17. Bf4 Ne5 18. Nd2 f5 19. Re1 b6 20. Bf1 Bd7 21. h3 Qe7
22. Qe3 Bf6 23. Bg3 Qg7 24. Qa3 g5 25. f4 Nf7 26. fxg5 Bxb2 27. Qa6 Qxg5 28. Qb7
Rd8 29. Bf2 Qxd2 30. Re2 Qc1 31. Re7 Be8 32. Qxa7 Bf6 33. Re6 Be5 34. Qxb6 Qf4
35. g3 Qg5 36. h4 Qg4 37. Qxd8 Nxd8 38. Rxe8+ Kf7 39. Rxd8 Bxg3 40. Ra8 Bxh4+
41. Bg2 Bxf2+ 42. Kxf2 Qd4+ 43. Kg3 f4+ 44. Kh2 Qe3 45. Ra7+ Kg6 0-1

[Event "10th Asrian Memorial 2017"]
[Site "Yerevan ARM"]
[Date "2017.06.21"]
[Round "1.3"]
[White "Andriasian, Zaven"]
[Black "Gharagyozyan, Artur"]
[Result "1-0"]
[WhiteTitle "GM"]
[WhiteElo "2622"]
[BlackElo "2182"]
[WhiteFideId "13302000"]
[BlackFideId "13303279"]
[EventDate "2017.06.21"]

1. e4 e5 2. Nf3 Nc6 3. Bc4 Bc5 4. c3 Nf6 5. d3 O-O 6. O-O d5 7. exd5 Nxd5 8. a4
a5 9. Nbd2 Nb6 10. Bb5 Bd6 11. Re1 Bg4 12. h3 Bh5 13. Ne4 Na7 14. Ng3 Bg6 15. h4
c6 16. h5 cxb5 17. hxg6 hxg6 18. axb5 Nxb5 19. Qb3 Na7 20. Rxa5 Nd7 21. Qa2 Nb5
22. Rxa8 Qxa8 23. Qc4 Nc7 24. Ng5 Nf6 25. Qh4 Rd8 26. N3e4 Nce8 27. Qh3 Qa4 28.
d4 Nxe4 29. Qh7+ Kf8 30. Nxe4 f6 31. Qxg6 exd4 32. Bh6 Qd7 33. Nxf6 Qf7 34.
Rxe8+ Rxe8 35. Bxg7+ Qxg7 36. Qxe8# 1-0

[Event "10th Asrian Memorial 2017"]
[Site "Yerevan ARM"]
[Date "2017.06.21"]
[Round "1.4"]
[White "Movsisyan, Vardan"]
[Black "Hovhannisyan, Robert"]
[Result "1/2-1/2"]
[BlackTitle "GM"]
[WhiteElo "2182"]
[BlackElo "2621"]
[WhiteFideId "13301799"]
[BlackFideId "13302507"]
[EventDate "2017.06.21"]

1. e4 c5 2. Nc3 Nc6 3. g3 g6 4. Bg2 Bg7 5. d3 d6 6. Be3 Nf6 7. h3 Rb8 8. Qd2 b5
9. Nge2 b4 10. Nd1 O-O 11. O-O Nd7 12. Bh6 Nd4 13. Bxg7 Kxg7 14. Ne3 e6 15. f4
Bb7 16. Nc4 d5 17. Nd6 Nxe2+ 18. Qxe2 Nf6 19. e5 Ne8 20. Nxb7 Rxb7 21. g4 f5 22.
exf6+ Qxf6 23. Qe5 Rbf7 24. a3 Qxe5 25. fxe5 Rc7 26. Rfc1 h5 27. axb4 cxb4 28.
Ra6 hxg4 29. Rxe6 gxh3 30. Bxd5 Kh6 31. Kh2 Ng7 32. Rf6 Rxf6 33. exf6 Nh5 34.
Rf1 Rxc2+ 35. Kxh3 Rc8 36. Be6 Rf8 37. f7 Kg5 38. Bc4 Nf6 39. Ra1 Kf4 40. Rf1+
Kg5 41. Ra1 Kf4 42. Rf1+ 1/2-1/2

[Event "10th Asrian Memorial 2017"]
[Site "Yerevan ARM"]
[Date "2017.06.21"]
[Round "1.5"]
[White "Zubov, Alexander"]
[Black "Kacharava, Nikolozi"]
[Result "1-0"]
[WhiteTitle "GM"]
[BlackTitle "FM"]
[WhiteElo "2612"]
[BlackElo "2153"]
[WhiteFideId "14109409"]
[BlackFideId "13611860"]
[EventDate "2017.06.21"]

1. d4 d6 2. e4 Nf6 3. Nc3 e5 4. Nge2 Be7 5. g3 O-O 6. Bg2 c6 7. a4 a5 8. O-O Na6
9. h3 Qc7 10. Be3 Nb4 11. d5 cxd5 12. exd5 Bf5 13. Rc1 Nd7 14. f4 exf4 15. Nxf4
Ne5 16. Nb5 Qc8 17. Nd4 Bg6 18. Nxg6 hxg6 19. c3 Nbd3 20. Rc2 Re8 21. Nb5 Qd7
22. Rd2 Nc5 23. Bxc5 dxc5 24. d6 Nc4 25. dxe7 Nxd2 26. Rf2 Qxe7 27. Qxd2 Rad8
28. Qf4 Rd7 29. c4 Qe1+ 30. Bf1 Re6 31. Nc3 Rf6 32. Re2 Rxf4 33. Rxe1 Rfd4 34.
Re8+ Kh7 35. Ne4 f6 36. Nxc5 Rf7 37. Nb3 Rd1 38. Nxa5 Rfd7 39. Kf2 Ra1 40. b3
Rb1 41. Re3 b6 42. Nc6 Rd6 43. Ne7 Rd2+ 44. Be2 Rdb2 45. Nc8 Rxb3 46. Rxb3 Rxb3
47. c5 bxc5 48. a5 Ra3 49. a6 Ra4 50. a7 c4 51. Bxc4 1-0

[Event "10th Asrian Memorial 2017"]
[Site "Yerevan ARM"]
[Date "2017.06.21"]
[Round "1.6"]
[White "Daneshvar, Bardiya"]
[Black "Pashikian, Arman"]
[Result "0-1"]
[BlackTitle "GM"]
[WhiteElo "2140"]
[BlackElo "2603"]
[WhiteFideId "12576468"]
[BlackFideId "13301578"]
[EventDate "2017.06.21"]

1. d4 Nf6 2. c4 e6 3. Nc3 Bb4 4. Qc2 c5 5. dxc5 O-O 6. Bg5 Na6 7. a3 Bxc3+ 8.
Qxc3 Nxc5 9. Bxf6 Qxf6 10. Qxf6 gxf6 11. g3 b6 12. Bg2 Bb7 13. Bxb7 Nxb7 14. Nf3
Na5 15. Nd2 Rac8 16. b3 Rfd8 17. Rd1 d5 18. cxd5 Rxd5 19. b4 Nb7 20. Nb1 Rc2 21.
O-O Nd6 22. Rxd5 exd5 23. Rd1 Nc4 24. Kg2 Rxe2 25. Rxd5 Rb2 26. Rd4 Ne3+ 27. Kf3
Nc2 28. Rd8+ Kg7 29. Nd2 Nxa3 30. Ne4 Nc4 31. Kg4 Rxb4 32. f4 Ne5+ 33. Kf5 Nc6 0-1

[Event "10th Asrian Memorial 2017"]
[Site "Yerevan ARM"]
[Date "2017.06.21"]
[Round "1.7"]
[White "Ter-Sahakyan, Samvel"]
[Black "Gavrish, Leonid"]
[Result "1-0"]
[WhiteTitle "GM"]
[WhiteElo "2598"]
[BlackElo "2130"]
[WhiteFideId "13302531"]
[BlackFideId "14110040"]
[EventDate "2017.06.21"]

1. e4 d6 2. d4 Nf6 3. Nc3 g6 4. f4 Bg7 5. Nf3 O-O 6. e5 dxe5 7. fxe5 Nd5 8. Bc4
Be6 9. Nxd5 Bxd5 10. Bxd5 Qxd5 11. Qe2 f5 12. Be3 f4 13. Bd2 b5 14. a4 a6 15.
axb5 axb5 16. Rxa8 Qxa8 17. O-O Qd5 18. b3 c6 19. c4 bxc4 20. bxc4 Qd7 21. Qe4
Qe6 22. d5 cxd5 23. cxd5 Qf5 24. Qc4 Nd7 25. d6+ e6 26. Nd4 Nxe5 27. Qxe6+ Qf7
28. Qxf7+ Rxf7 29. Ne6 g5 30. Nxg7 Nc4 31. Ne6 h6 32. Bb4 Ne3 33. Rc1 1-0

[Event "10th Asrian Memorial 2017"]
[Site "Yerevan ARM"]
[Date "2017.06.21"]
[Round "1.8"]
[White "Sargsyan, Anna M."]
[Black "Sengupta, Deep"]
[Result "1/2-1/2"]
[BlackTitle "GM"]
[WhiteElo "2127"]
[BlackElo "2594"]
[WhiteFideId "13308130"]
[BlackFideId "5008352"]
[EventDate "2017.06.21"]

1. c4 Nf6 2. Nf3 e6 3. d4 b6 4. e3 Bb7 5. Bd3 c5 6. O-O Be7 7. Nc3 cxd4 8. exd4
O-O 9. d5 Na6 10. Re1 Bb4 11. Bg5 Bxc3 12. bxc3 Nc5 13. Bh4 d6 14. Ng5 Qd7 15.
Nxh7 Nxh7 16. Bxh7+ Kxh7 17. Qh5+ Kg8 18. Bf6 exd5 19. Re3 Qe6 20. Rxe6 fxe6 21.
Be7 Rf5 22. Qg6 dxc4 23. Bxd6 Bd5 24. Re1 Rf6 25. Qg4 Nd3 26. Re2 Rf7 27. h4 Rd8
28. Bg3 Rdf8 29. h5 Rf5 30. h6 R8f7 31. a4 Nf4 32. Bxf4 Rxf4 33. Qg3 R4f6 34.
Qb8+ Kh7 35. hxg7 Rxg7 36. f3 Rxf3 37. Qe5 Rf5 38. Qh2+ Kg8 39. Qb8+ Rf8 40. Qe5
Rf5 41. Qb8+ Rf8 1/2-1/2

[Event "10th Asrian Memorial 2017"]
[Site "Yerevan ARM"]
[Date "2017.06.22"]
[Round "2.1"]
[White "Baghdasaryan, Vahe"]
[Black "Kovalenko, Igor"]
[Result "0-1"]
[WhiteTitle "GM"]
[BlackTitle "GM"]
[WhiteElo "2449"]
[BlackElo "2656"]
[WhiteFideId "13303139"]
[BlackFideId "14117908"]
[EventDate "2017.06.21"]

1. e4 c6 2. d4 d5 3. e5 Bf5 4. h4 Qc7 5. g4 Bd7 6. Nd2 c5 7. c3 e6 8. f4 cxd4 9.
cxd4 Nc6 10. Ngf3 Nb4 11. Kf2 Nh6 12. Bh3 Rc8 13. a3 Nc2 14. Ra2 Qb6 15. Kg3
Nxd4 16. Nxd4 Qxd4 17. Nf3 Qxd1 18. Rxd1 Bc5 19. b4 Ba4 20. Rf1 Bb6 21. f5 Ng8
22. fxe6 fxe6 23. g5 Kd7 24. g6 Rc3 25. Bd2 Rb3 26. gxh7 Rxh7 27. Kg2 Bb5 28.
Re1 Rxf3 29. Kxf3 Bc4 30. Rc2 Rxh4 31. Kg3 Rd4 32. Be3 Rd3 33. Kf2 Rxa3 34. Bxb6
Rxh3 35. Kg2 Ra3 36. Bc5 Nh6 37. Rf2 b6 38. Bf8 d4 39. Bxg7 Bd5+ 40. Kf1 Ng4 41.
Rf4 Rg3 42. Ra1 a6 43. Ke2 Bc4+ 44. Kd2 Rd3+ 45. Ke2 Bb5 46. Rc1 Rg3+ 47. Ke1
Rg1+ 48. Kd2 Rg2+ 49. Ke1 Re2+ 0-1

[Event "10th Asrian Memorial 2017"]
[Site "Yerevan ARM"]
[Date "2017.06.22"]
[Round "2.2"]
[White "Melkumyan, Hrant"]
[Black "Mikaelyan, Arman"]
[Result "1-0"]
[WhiteTitle "GM"]
[BlackTitle "IM"]
[WhiteElo "2624"]
[BlackElo "2444"]
[WhiteFideId "13302485"]
[BlackFideId "13304852"]
[EventDate "2017.06.21"]

1. Nf3 Nf6 2. g3 g6 3. d4 Bg7 4. Bg2 O-O 5. O-O d5 6. Nbd2 a5 7. c4 dxc4 8. Nxc4
Be6 9. b3 Nc6 10. Bb2 Bd5 11. Rc1 Ra6 12. a3 Qc8 13. e3 Rd8 14. Qe2 Ne4 15. Rc2
b5 16. Ncd2 Nxd2 17. Nxd2 Bxg2 18. Kxg2 e5 19. d5 Rxd5 20. e4 Rd6 21. Qxb5 h5
22. h4 Rb6 23. Qe2 Rd7 24. Rb1 Qb7 25. Bc3 Bf8 26. a4 Bb4 27. Nc4 Nd4 28. Bxd4
exd4 29. Qd3 Re6 30. f3 Qa8 31. Kh2 Qe8 32. e5 Rxe5 33. Nxe5 Qxe5 34. Re2 Qd5
35. f4 Bd6 36. Rf1 c5 37. f5 Kg7 38. Ref2 Be5 39. Rf3 Rc7 40. R1f2 Rd7 41. Kh3
Rb7 42. Rg2 Rb6 43. Re2 Bf6 44. fxg6 fxg6 45. Kg2 Qd7 46. Qe4 Rd6 47. Kh2 Rd5
48. Ref2 Rd6 49. Qf4 Re6 50. Qd2 Qc7 51. Kg2 Qd8 52. Re2 Rd6 53. Qd3 Qd7 54. Re4
Qc6 55. g4 Re6 56. Rxe6 Qxe6 57. g5 Be7 58. Kf1 Qg4 59. Qe2 Bd6 60. Qf2 Qe4 61.
Rf7+ Kg8 62. Rf6 Qd3+ 63. Kg2 Qe4+ 64. Qf3 Qc2+ 65. Kg1 Qc1+ 66. Qf1 Qe3+ 67.
Qf2 Bg3 68. Qxe3 dxe3 69. Rxg6+ Kf7 70. Rf6+ Kg7 71. Re6 Bxh4 72. Rxe3 Bxg5 73.
Re6 Kf7 74. Ra6 Bd8 75. Kg2 h4 76. Kf3 Kg7 77. Kg4 Kf7 78. Kf5 Be7 79. Ra8 Kg7
80. Kg4 c4 81. bxc4 Bb4 82. Ra6 Be1 83. Re6 Bf2 84. Re5 1-0

[Event "10th Asrian Memorial 2017"]
[Site "Yerevan ARM"]
[Date "2017.06.22"]
[Round "2.3"]
[White "Hakobyan, Aram"]
[Black "Andriasian, Zaven"]
[Result "0-1"]
[WhiteTitle "IM"]
[BlackTitle "GM"]
[WhiteElo "2449"]
[BlackElo "2622"]
[WhiteFideId "13306677"]
[BlackFideId "13302000"]
[EventDate "2017.06.21"]

1. d4 Nf6 2. Nf3 d5 3. c4 c6 4. Nc3 dxc4 5. a4 Bf5 6. Ne5 Nbd7 7. Nxc4 Qc7 8. g3
e5 9. dxe5 Nxe5 10. Bf4 Nfd7 11. Bg2 g5 12. Nxe5 gxf4 13. Nxd7 O-O-O 14. Qd4
Qxd7 15. Qxf4 Bd6 16. Qh6 Kb8 17. O-O Qe6 18. Qxe6 Bxe6 19. Rac1 Bb4 20. Be4 Bc4
21. Rfd1 Rxd1+ 22. Rxd1 Bxc3 23. bxc3 Bxe2 24. Rd7 Bc4 25. a5 h6 26. f4 Re8 27.
Rd4 Be6 28. Kf2 Kc7 29. f5 Bd7 30. Bd3 Re5 31. Rh4 Rxa5 32. g4 Rc5 33. Rxh6 a5
34. Rh8 a4 35. Ra8 Rxc3 36. Ke2 c5 37. Kd2 Rb3 38. h4 b5 39. g5 c4 40. Be4 Rg3
41. f6 c3+ 42. Ke2 Be6 43. h5 Rg4 44. g6 Rxe4+ 45. Kd3 Rc4 46. g7 Bf5+ 47. Ke2
Bh7 48. Rh8 c2 49. Rxh7 c1=Q 50. g8=Q Qb2+ 0-1

[Event "10th Asrian Memorial 2017"]
[Site "Yerevan ARM"]
[Date "2017.06.22"]
[Round "2.4"]
[White "Shahinyan, David"]
[Black "Zubov, Alexander"]
[Result "0-1"]
[WhiteTitle "IM"]
[BlackTitle "GM"]
[WhiteElo "2428"]
[BlackElo "2612"]
[WhiteFideId "13304380"]
[BlackFideId "14109409"]
[EventDate "2017.06.21"]

1. c4 b6 2. Nc3 Bb7 3. e4 e5 4. g3 f5 5. Nf3 fxe4 6. Nxe5 e3 7. dxe3 Bxh1 8.
Qh5+ g6 9. Nxg6 Nf6 10. Qe5+ Kf7 11. Nxh8+ Kg7 12. e4 Nc6 13. Qf4 Bd6 14. Qh4
Nxe4 15. Qg4+ Kxh8 16. Nxe4 Qe7 17. f3 Ne5 18. Bg5 Nxg4 19. Bxe7 Bxe7 20. Be2
Bb4+ 21. Kf1 Rf8 22. a3 Bxf3 0-1

[Event "10th Asrian Memorial 2017"]
[Site "Yerevan ARM"]
[Date "2017.06.22"]
[Round "2.5"]
[White "Pashikian, Arman"]
[Black "Mousavi, Seyed Khalil"]
[Result "1/2-1/2"]
[WhiteTitle "GM"]
[BlackTitle "IM"]
[WhiteElo "2603"]
[BlackElo "2424"]
[WhiteFideId "13301578"]
[BlackFideId "12511099"]
[EventDate "2017.06.21"]

1. d4 d5 2. Nf3 Nf6 3. c4 e6 4. g3 Be7 5. Bg2 O-O 6. Nc3 dxc4 7. Ne5 Nc6 8. Bxc6
bxc6 9. Nxc6 Qe8 10. Nxe7+ Qxe7 11. Qa4 e5 12. dxe5 Qxe5 13. Qxc4 Be6 14. Qf4
Qh5 15. f3 Nd5 16. Nxd5 Bxd5 17. O-O Rfe8 18. Rf2 Rad8 19. Bd2 Rd6 20. Bc3 Bc6
21. Rc1 Qb5 22. Rc2 h5 23. Rd2 g5 24. Qb4 Rxd2 25. Bxd2 Qxb4 26. Bxb4 g4 27. Bc5
Re5 28. b4 a5 29. fxg4 hxg4 30. Kf1 f5 31. Ke1 Kf7 32. Bd4 Rd5 33. Bc3 axb4 34.
Bxb4 Rb5 1/2-1/2

[Event "10th Asrian Memorial 2017"]
[Site "Yerevan ARM"]
[Date "2017.06.22"]
[Round "2.6"]
[White "Chibukhchian, Artur"]
[Black "Ter-Sahakyan, Samvel"]
[Result "1/2-1/2"]
[WhiteTitle "GM"]
[BlackTitle "GM"]
[WhiteElo "2412"]
[BlackElo "2598"]
[WhiteFideId "13300717"]
[BlackFideId "13302531"]
[EventDate "2017.06.21"]

1. d4 d5 2. Nf3 Nf6 3. c4 e6 4. e3 a6 5. Nbd2 b6 6. cxd5 exd5 7. Bd3 Bb7 8. O-O
Bd6 9. Re1 Ne4 10. Bf1 Nd7 11. Nxe4 dxe4 12. Nd2 Nf6 13. Nc4 h5 14. Nxd6+ Qxd6
15. h3 g5 16. Bd2 g4 17. Qa4+ Bc6 18. Qb4 Qxb4 19. Bxb4 Bb5 20. h4 Nd5 21. Bd2
Kd7 22. g3 Rh6 23. Rec1 Re8 24. b3 Bxf1 25. Kxf1 Rc6 26. Rxc6 Kxc6 27. Rc1+ Kb7
28. Ke2 Re6 29. Rc4 Rc6 30. Kd1 b5 31. Rxc6 Kxc6 32. a3 Kb6 33. Kc2 a5 34. Be1
Ka6 35. Bd2 Kb6 36. Be1 c6 37. Bd2 Ka6 38. Be1 Kb6 39. Bd2 f6 40. Be1 Ka6 41.
Bd2 Kb6 42. Be1 b4 43. axb4 axb4 44. Bd2 f5 45. Bc1 Kb5 46. Bd2 Nc7 47. Bc1 Ne6
48. Bb2 c5 49. dxc5 Nxc5 50. Bf6 Nd3 51. Kd2 Nxf2 52. Ke2 Nd3 53. Kd2 Kc6 54.
Bg5 Kc5 55. Bf4 Kd5 56. Kd1 Nc5 57. Kc2 Kc6 58. Bb8 Kd7 59. Bf4 Ke7 60. Bg5+ Kd6
61. Bf4+ Kd5 62. Bb8 1/2-1/2

[Event "10th Asrian Memorial 2017"]
[Site "Yerevan ARM"]
[Date "2017.06.22"]
[Round "2.7"]
[White "Sargsyan, Shant"]
[Black "Smirnov, Pavel"]
[Result "1-0"]
[WhiteTitle "IM"]
[BlackTitle "GM"]
[WhiteElo "2409"]
[BlackElo "2589"]
[WhiteFideId "13306766"]
[BlackFideId "4123425"]
[EventDate "2017.06.21"]

1. d4 Nf6 2. c4 e6 3. Nf3 d5 4. Nc3 c6 5. Bg5 h6 6. Bxf6 Qxf6 7. Qb3 Nd7 8. e4
dxe4 9. Nxe4 Qf4 10. Bd3 e5 11. O-O Be7 12. Rfe1 exd4 13. Nxd4 O-O 14. Bc2 Nc5
15. Qc3 Rd8 16. h3 Bd7 17. Rad1 Nxe4 18. Rxe4 Qf6 19. c5 Bf8 20. Bb3 Re8 21.
Rxe8 Bxe8 22. Rd3 Qe5 23. Nf3 Qxc5 24. Qe1 Bd6 25. Re3 Bd7 26. Ne5 Bxe5 27. Rxe5
Qd6 28. Qe3 Rf8 29. Re4 c5 30. Re5 b6 31. Rd5 Qc6 32. Qe7 Be6 33. Rd6 Qe8 34.
Qxe8 Rxe8 35. Bxe6 Rxe6 36. Rd8+ Kh7 37. Kf1 Kg6 38. b3 Kf6 39. Rd7 Re7 40. Rd8
Ke6 41. Ke2 Rd7 42. Rg8 f6 43. h4 Kf5 44. Kf3 Rd2 45. Rxg7 Rxa2 46. g4+ Ke6 47.
Rg6 Ra3 48. Kf4 Rxb3 49. Rxh6 Rb4+ 50. Kg3 Ke5 51. Rh8 f5 52. Re8+ Kf6 53. Rf8+
Kg7 54. Rxf5 c4 55. Rd5 Kf8 56. h5 Rb3+ 57. f3 Rb1 58. g5 b5 59. h6 Rh1 60. Rxb5
Kf7 61. Rb7+ Kg6 62. Kg4 Rg1+ 63. Kf4 1-0

[Event "10th Asrian Memorial 2017"]
[Site "Yerevan ARM"]
[Date "2017.06.22"]
[Round "2.8"]
[White "Maghsoodloo, Parham"]
[Black "Mkrtchian, Lilit"]
[Result "1-0"]
[WhiteTitle "GM"]
[BlackTitle "IM"]
[WhiteElo "2584"]
[BlackElo "2409"]
[WhiteFideId "12539929"]
[BlackFideId "13300601"]
[EventDate "2017.06.21"]

1. d4 Nf6 2. c4 e6 3. Nf3 b6 4. g3 Ba6 5. Nbd2 Bb7 6. Bg2 c5 7. e4 cxd4 8. Nxd4
d6 9. O-O Nbd7 10. Qe2 e5 11. Nb5 a6 12. Nc3 Be7 13. a4 Nc5 14. Rd1 Qc7 15. b4
Ne6 16. Nb3 Rc8 17. Bf1 Qb8 18. f3 Nf8 19. Be3 N8d7 20. Qd2 O-O 21. a5 bxa5 22.
Nxa5 Ba8 23. Nd5 Bd8 24. Nxf6+ Nxf6 25. Qxd6 Qxd6 26. Rxd6 Be7 27. Rxa6 Bxb4 28.
Nb3 Bc6 29. Rb6 Be7 30. Raa6 Bd7 31. c5 Rfd8 32. c6 Be8 33. Bh3 Rc7 34. Rb7 Bd6
35. Na5 Rxb7 36. Nxb7 1-0

[Event "10th Asrian Memorial 2017"]
[Site "Yerevan ARM"]
[Date "2017.06.23"]
[Round "3.1"]
[White "Kovalenko, Igor"]
[Black "Zhigalko, Andrey"]
[Result "1-0"]
[WhiteTitle "GM"]
[BlackTitle "GM"]
[WhiteElo "2656"]
[BlackElo "2563"]
[WhiteFideId "14117908"]
[BlackFideId "13502247"]
[EventDate "2017.06.21"]

1. c4 g6 2. d4 Nf6 3. Nc3 d5 4. Bg5 c5 5. Bxf6 exf6 6. cxd5 Qb6 7. e3 a6 8. Nge2
Qxb2 9. Rb1 Qa3 10. g3 Nd7 11. Bg2 f5 12. O-O Bd6 13. e4 cxd4 14. Qxd4 Be5 15.
Qd2 Nc5 16. exf5 O-O 17. fxg6 hxg6 18. Nd4 Bd7 19. Rfe1 Rfe8 20. h4 Rac8 21. Re3
Bg7 22. Rbe1 Qb4 23. Rxe8+ Rxe8 24. Rxe8+ Bxe8 25. Nde2 Bb5 26. Qe3 Bxe2 27.
Nxe2 Qb1+ 28. Kh2 Bf8 29. Nf4 Qxa2 30. d6 Qc2 31. Bd5 b6 32. Qe8 Qf5 33. Bc6 Qc2
34. Kg2 Nd3 35. Nxd3 Qxd3 36. d7 1-0

[Event "10th Asrian Memorial 2017"]
[Site "Yerevan ARM"]
[Date "2017.06.23"]
[Round "3.2"]
[White "Arutinian, David"]
[Black "Melkumyan, Hrant"]
[Result "1/2-1/2"]
[WhiteTitle "GM"]
[BlackTitle "GM"]
[WhiteElo "2527"]
[BlackElo "2624"]
[WhiteFideId "13601741"]
[BlackFideId "13302485"]
[EventDate "2017.06.21"]

1. c4 e6 2. Nf3 d5 3. d4 Nf6 4. e3 Be7 5. b3 O-O 6. Bd3 c5 7. O-O dxc4 8. bxc4
Nc6 9. Bb2 Nb4 10. Be2 b6 11. Nbd2 Bb7 12. a3 Nc6 13. Bd3 Qc7 14. Qe2 Rad8 15.
Nb3 Bd6 16. d5 Ne5 17. Nxe5 Bxe5 18. Bxe5 Qxe5 19. e4 exd5 20. exd5 Qd6 21. Rfd1
Bc8 22. h3 Rfe8 23. Qf3 Re5 24. a4 Rde8 25. a5 g5 26. axb6 axb6 27. Nd2 Kh8 28.
Qg3 Nh5 29. Qf3 Nf6 30. Qg3 Nh5 31. Qf3 1/2-1/2

[Event "10th Asrian Memorial 2017"]
[Site "Yerevan ARM"]
[Date "2017.06.23"]
[Round "3.3"]
[White "Andriasian, Zaven"]
[Black "Martirosyan, Haik M."]
[Result "1/2-1/2"]
[WhiteTitle "GM"]
[BlackTitle "IM"]
[WhiteElo "2622"]
[BlackElo "2516"]
[WhiteFideId "13302000"]
[BlackFideId "13306553"]
[EventDate "2017.06.21"]

1. d4 d5 2. c4 c6 3. Nc3 Nf6 4. cxd5 cxd5 5. Nf3 Nc6 6. Bf4 Bf5 7. e3 e6 8. Bd3
Bxd3 9. Qxd3 Bd6 10. Bxd6 Qxd6 11. O-O O-O 12. h3 h6 13. a3 a6 1/2-1/2

[Event "10th Asrian Memorial 2017"]
[Site "Yerevan ARM"]
[Date "2017.06.23"]
[Round "3.4"]
[White "Zubov, Alexander"]
[Black "Sargsyan, Shant"]
[Result "1/2-1/2"]
[WhiteTitle "GM"]
[BlackTitle "IM"]
[WhiteElo "2612"]
[BlackElo "2409"]
[WhiteFideId "14109409"]
[BlackFideId "13306766"]
[EventDate "2017.06.21"]

1. Nf3 d5 2. d4 Nf6 3. c4 e6 4. Nc3 Bb4 5. Qa4+ Nc6 6. Ne5 Bd7 7. Nxd7 Nxd7 8.
cxd5 Nb6 9. Qb5 Nxd5 10. Bd2 a6 11. Qd3 Ba5 12. e3 e5 13. dxe5 Nxc3 14. Bxc3
Qxd3 15. Bxd3 Bxc3+ 16. bxc3 Nxe5 17. Be4 O-O-O 18. Ke2 g6 19. Rad1 f5 20. Bc2
c5 21. h3 Kc7 22. Rxd8 Rxd8 23. g4 Nc4 24. Bd3 Nd6 25. gxf5 c4 26. Bb1 gxf5 27.
Kf3 Rf8 28. a4 b5 29. axb5 1/2-1/2

[Event "10th Asrian Memorial 2017"]
[Site "Yerevan ARM"]
[Date "2017.06.23"]
[Round "3.5"]
[White "Kotanjian, Tigran"]
[Black "Maghsoodloo, Parham"]
[Result "0-1"]
[WhiteTitle "GM"]
[BlackTitle "GM"]
[WhiteElo "2486"]
[BlackElo "2584"]
[WhiteFideId "13301250"]
[BlackFideId "12539929"]
[EventDate "2017.06.21"]

1. c4 Nf6 2. Nc3 e6 3. d4 Bb4 4. g3 d6 5. Bg2 O-O 6. Bd2 c5 7. a3 Ba5 8. e3 Nc6
9. Nge2 Qe7 10. O-O Rd8 11. d5 Ne5 12. b3 Rb8 13. f4 Ng6 14. e4 a6 15. h3 b5 16.
Qc2 e5 17. f5 Nf8 18. g4 h6 19. Bf3 Rd7 20. Kg2 Rdb7 21. Rfb1 Bd7 22. b4 Bb6 23.
cxb5 axb5 24. Qd3 cxb4 25. axb4 N6h7 26. Be3 Bxe3 27. Qxe3 Be8 28. Nc1 Nd7 29.
Nb3 Nb6 30. Na5 Nc4 31. Qe1 Rc7 32. h4 Qd8 33. Kg3 g5 34. h5 Nf6 35. Nd1 Rbc8
36. Rc1 Nb6 37. Nb2 Na4 38. Nxa4 bxa4 39. Qe3 Rxc1 40. Rxc1 Rxc1 41. Qxc1 Qb6
42. Nc6 Kg7 43. Bg2 Qa6 44. Kf3 Qd3+ 45. Qe3 Qxe3+ 46. Kxe3 a3 0-1

[Event "10th Asrian Memorial 2017"]
[Site "Yerevan ARM"]
[Date "2017.06.23"]
[Round "3.6"]
[White "Bortnyk, Olexandr"]
[Black "Torosyan, Norayr"]
[Result "1-0"]
[WhiteTitle "GM"]
[WhiteElo "2580"]
[BlackElo "2366"]
[WhiteFideId "14120828"]
[BlackFideId "13300431"]
[EventDate "2017.06.21"]

1. e4 e5 2. Nf3 Nc6 3. d4 exd4 4. Nxd4 Bc5 5. Be3 Qf6 6. c3 Nge7 7. Bb5 Bb6 8.
O-O O-O 9. a4 a5 10. Nc2 Bxe3 11. Nxe3 d6 12. f4 Qh6 13. Nd2 f5 14. exf5 Bxf5
15. Nxf5 Nxf5 16. Qf3 Nce7 17. Rae1 c6 18. Bd3 Rae8 19. Nc4 d5 20. Nxa5 Qd6 21.
Nxb7 Qb8 22. Nc5 Qxb2 23. Nd7 Rf7 24. Bxf5 Rxf5 25. Qe3 Rf7 26. Qe6 Qxc3 27. Ne5
Qc5+ 28. Kh1 Rf8 29. f5 d4 30. Nxf7 Rxf7 31. Rb1 1-0